000 00649nam a2200217Ia 4500
003 OSt
005 20230324134032.0
008 210423s2016 xx 000 0 und d
020 _a978-1-107-44690-8
040 _cAL
041 _aeng
082 _a401.9
_223
_bKAPW
100 _aKAPLAN (Abby)
_977480
245 _aWomen talk more than men and other myths about language explained
260 _aUK
_bCambridge University Press
_c2016
300 _axvi,293
_bPB
365 _b1378.34
_cGBP
650 _aLanguage
_977481
906 _aabout ; explained ; language ; men ; men: ; more ; myths ; other ; talk ; than ; Women
942 _2ddc
_cBK
999 _c168817
_d168817